|
|
|
|
| LEADER |
00764nam a22002172a 4500 |
| 001 |
000948533 |
| 003 |
CZ BrMZK |
| 005 |
20150324124750.0 |
| 007 |
ta |
| 008 |
090622s1966 xo af er|||||||||||hun d |
| 040 |
|
|
|a BOA001
|b cze
|
| 100 |
1 |
|
|a Grimm, Jacob Ludwig Karl,
|d 1785-1863
|7 jn19981228078
|4 aut
|
| 245 |
1 |
0 |
|a Rigócsör király /
|c Jakob Grimm a Eilhelm Grimm ; rajzaival Heinzelmann Emma
|
| 260 |
|
|
|a Bratislava :
|b Tatran,
|c 1966
|
| 300 |
|
|
|a 92 s., obr. příl. :
|b il.
|
| 700 |
1 |
|
|a Grimm, Wilhelm Karl,
|d 1786-1859
|7 jn19990002900
|4 aut
|
| 700 |
1 |
|
|a Heinzelmann, Emma,
|d 1930-
|7 mzk2015864603
|4 ill
|
| 910 |
|
|
|a BOA001
|b 1-0561.903
|
| 990 |
|
|
|a BK
|
| 991 |
|
|
|b 200906
|
| 996 |
7 |
|
|b 2619469605
|c 1-0561.903
|l MZK
|r Sklad / do 1 hodiny
|n 0
|w 000948533
|u 000010
|a 1
|e BOA001
|j MZK50
|s A
|